<?xml version="1.0" encoding="UTF-8"?>
<collection xmlns="http://www.loc.gov/MARC21/slim">
 <record>
  <leader>     na                 </leader>
  <controlfield tag="001">INLIS000000000000524</controlfield>
  <controlfield tag="005">20220402112709</controlfield>
  <datafield tag="035" ind1=" " ind2=" ">
   <subfield code="a">0010-0422000098</subfield>
  </datafield>
  <controlfield tag="007">ta</controlfield>
  <controlfield tag="008">220402                g          0 ind  </controlfield>
  <datafield tag="020" ind1=" " ind2=" ">
   <subfield code="a">978-979-25-4894-5</subfield>
  </datafield>
  <datafield tag="082" ind1=" " ind2=" ">
   <subfield code="a">297.64</subfield>
  </datafield>
  <datafield tag="084" ind1=" " ind2=" ">
   <subfield code="a">297.64 FAI g</subfield>
  </datafield>
  <datafield tag="100" ind1="0" ind2=" ">
   <subfield code="a">Faisol</subfield>
  </datafield>
  <datafield tag="245" ind1="1" ind2=" ">
   <subfield code="a">Gus Dur &amp; Penididikan Islam :</subfield>
   <subfield code="b">Upaya Mengembalikan Esensi Pendidikan Di Era Global /</subfield>
   <subfield code="c">Faisol</subfield>
  </datafield>
  <datafield tag="250" ind1=" " ind2=" ">
   <subfield code="a">Cet. 3</subfield>
  </datafield>
  <datafield tag="260" ind1=" " ind2=" ">
   <subfield code="a">Jogjakarta :</subfield>
   <subfield code="b">Ar-ruzz Media,</subfield>
   <subfield code="c">2017</subfield>
  </datafield>
  <datafield tag="300" ind1=" " ind2=" ">
   <subfield code="a">156 hlm. :</subfield>
   <subfield code="b">ilus. ;</subfield>
   <subfield code="c">14,8x21 cm.</subfield>
   <subfield code="e">-</subfield>
  </datafield>
  <datafield tag="856" ind1=" " ind2=" ">
   <subfield code="a">-</subfield>
  </datafield>
  <datafield tag="650" ind1=" " ind2="4">
   <subfield code="a">Pendidikan Islam</subfield>
  </datafield>
  <datafield tag="520" ind1=" " ind2=" ">
   <subfield code="a">Buku yang berjudul Gus Dur dan Pendidikan Islam, dalam rangka mengembalikan esensi pendidikan di era global, patut kita cermati dan dianalisis bersama, sehingga memebrikan khazanah keilmuan yang tajam. Buku tersebut sangat layak untuk dibaca, karena memuat tentang konsep dan strategi pendidikan, khususnya pendidikan Islam di era global. Konsep yang ditawarkan dalam buku tersebut tentang pendidikan islam yang diteropong melalui pemikiran K.H. Abdurrahman Wahid, atau Gus Dur .Konsep yang ditawarkan dalam buku tersebut adalah tentang tujuan pendidikan Islam perspektif K.H. Abdurrahman Wahid dan kurikulum pendidikan Islam perspekif K. H. Adurrahman Wahid.</subfield>
  </datafield>
  <datafield tag="520" ind1=" " ind2=" ">
   <subfield code="a">Indeks&#13;
Bibliografi : halaman 143-148</subfield>
  </datafield>
  <datafield tag="990" ind1=" " ind2=" ">
   <subfield code="a">180179</subfield>
  </datafield>
 </record>
</collection>
